| 000 | 00581nam a22002177a 4500 | ||
|---|---|---|---|
| 008 | 171224b xxu||||| |||| 00| 0 eng d | ||
| 020 | _a978-81-8322-804-6 | ||
| 082 |
_a153.35 _bSm54h |
||
| 100 | _aSmith, Daniel | ||
| 245 | _aHow to think like Da Vinci | ||
| 260 |
_aNew Delhi _bManjul Publishing House _c2017 |
||
| 300 | _bxx, 204p. | ||
| 490 | _aHow to think series | ||
| 504 | _ap. 203-204 | ||
| 650 |
_aCreative thinking _911430 |
||
| 650 | _aCreative thought | ||
| 650 | _aPhilosophy | ||
| 650 |
_aPaintings _910427 |
||
| 650 |
_aArtists _911946 |
||
| 942 |
_2ddc _cGEN |
||
| 999 |
_c82051 _d82040 |
||